000 00453nam a2200181Ia 4500
003 LK-CoDNM
005 20240924151134.0
008 010623t1958 xxu||||| |||| 00| 1 eng d
040 _aLK-CoDNM
_dLK-CoDNM
_eLK-CoDNM
041 _aeng
080 _a15
_bK38
100 _aDevendra,D.T.
245 _aClassical Sinhalese Sculpture
260 _bAlec Tiranti
_aLondon
_c1958
300 _b128ill ,48p. : 19 cm
650 _aSculpture
942 _cBK
999 _c104632
_d104632